Mapovanie receptorov na základe väzbových dát série látok : Dát.obháj.: 6.5.1998

Gespeichert in:
Bibliographische Detailangaben
1. Verfasser: Horňák, Viktor (Verfasst von)
Format: Manuskript Buch
Sprache:Slowakisch
Veröffentlicht: Bratislava : STU v Bratislave ChtF, 1998
Tags: Tag hinzufügen
Keine Tags, Fügen Sie das erste Tag hinzu!

MARC

LEADER 00000ntm a22000003a 4500
001 stu48904
005 20150617225708.2
008 990113s1998------------------------slo-d
040 |a STU  |b slo 
041 0 |a slo 
080 |a 576.2(043.3) 
100 1 |a Horňák, Viktor  |4 aut 
245 1 |a Mapovanie receptorov na základe väzbových dát série látok :  |b Dát.obháj.: 6.5.1998 
260 |a Bratislava :  |b STU v Bratislave ChtF,  |c 1998 
300 |a 47 s  |c prílohy 
500 |a Tab.,grafy,lit.Katedra biochemickej technológie 
996 |b CKD383  |c C*KD383  |l CCI  |s A  |a 24  |w stu48904_0001